LEADER 01354nam 2200397 450 001 9910704968603321 005 20131118091141.0 035 $a(CKB)5470000002446058 035 $a(OCoLC)863152381 035 $a(EXLCZ)995470000002446058 100 $a20131118d2013 ua 0 101 0 $aeng 135 $aurmn||||||||| 181 $2rdacontent 182 $2rdamedia 183 $2rdacarrier 200 10$aFlood insurance $eimplications of changing coverage limits and expanding coverage : report to congressional committees 210 1$a[Washington, D.C.] :$cUnited States Government Accountability Office,$d2013. 215 $a1 online resource (ii, 37 pages) $ccolor illustrations, color map 300 $aTitle from title screen (viewed Nov. 7, 2013). 300 $a"July 2013." 300 $a"GAO-13-568." 320 $aIncludes bibliographical references. 517 $aFlood insurance 606 $aFlood insurance$zUnited States 606 $aFlood insurance claims$zUnited States 606 $aFlood insurance claims$xEconomic aspects$zUnited States 615 0$aFlood insurance 615 0$aFlood insurance claims 615 0$aFlood insurance claims$xEconomic aspects 801 0$bGPO 801 1$bGPO 906 $aBOOK 912 $a9910704968603321 996 $aFlood insurance$93429017 997 $aUNINA LEADER 03131oas 2200961 a 450 001 9910142566003321 005 20251114213013.0 011 $a1879-1492 035 $a(DE-599)ZDB2180098-4 035 $a(DE-599)2180098-4 035 $a(OCoLC)38524879 035 $a(CONSER) 2007233246 035 $a(CKB)954925575998 035 $a(EXLCZ)99954925575998 100 $a19980227b19892001 sy 101 0 $aeng 135 $aurmnu|||||||| 181 $ctxt$2rdacontent 182 $cc$2rdamedia 183 $acr$2rdacarrier 200 10$aArtificial intelligence in engineering 210 $aNew York, NY $cElsevier Science Pub. Co.$d1989-2001 300 $aTitle from contents screen (ScienceDirect, viewed March 1, 2007). 311 08$a0954-1810 606 $aEngineering$xData processing$vPeriodicals 606 $aArtificial intelligence$vPeriodicals 606 $aExpert systems (Computer science)$vPeriodicals 606 $aEngineering$xData processing$xPeriodicals 606 $aArtificial intelligence$vPeriodicals 606 $aExpert systems (Computer science)$vPeriodicals 606 $aInge?nierie$xInformatique$xPe?riodiques 606 $aIntelligence artificielle$xPe?riodiques 606 $aSyste?mes experts (Informatique)$xPe?riodiques 606 $aInge?nierie$xInformatique$vPe?riodiques 606 $aIntelligence artificielle$vPe?riodiques 606 $aSyste?mes experts (Informatique)$vPe?riodiques 606 $aArtificial intelligence$2fast$3(OCoLC)fst00817247 606 $aEngineering$xData processing$2fast$3(OCoLC)fst00910334 606 $aExpert systems (Computer science)$2fast$3(OCoLC)fst00918516 606 $aKunstig intelligens$vTidsskrifter$2tekord 608 $aPeriodicals.$2fast 615 0$aEngineering$xData processing 615 0$aArtificial intelligence 615 0$aExpert systems (Computer science) 615 0$aEngineering$xData processing$xPeriodicals. 615 0$aArtificial intelligence 615 0$aExpert systems (Computer science) 615 6$aInge?nierie$xInformatique$xPe?riodiques. 615 6$aIntelligence artificielle$xPe?riodiques. 615 6$aSyste?mes experts (Informatique)$xPe?riodiques. 615 6$aInge?nierie$xInformatique 615 6$aIntelligence artificielle 615 6$aSyste?mes experts (Informatique) 615 7$aArtificial intelligence. 615 7$aEngineering$xData processing. 615 7$aExpert systems (Computer science) 615 7$aKunstig intelligens 801 0$bOH1 801 1$bOH1 801 2$bOCL 801 2$bOCLCQ 801 2$bGUA 801 2$bU9S 801 2$bOCLCQ 801 2$bOCLCO 801 2$bOCLCQ 801 2$bOCLCF 801 2$bOCLCO 801 2$bSE4M6 801 2$bOCLCO 801 2$bOCLCQ 801 2$bOCLCO 801 2$bU3W 801 2$bNJT 801 2$bOCLCQ 801 2$bOCLCO 801 2$bOCLCQ 801 2$bUAB 801 2$bAUD 906 $aJOURNAL 912 $a9910142566003321 996 $aArtificial intelligence in engineering$9733403 997 $aUNINA